|
|
|
|
| LEADER |
00000nab a2200000 a 4500 |
| 001 |
vtls000715827 |
| 003 |
SK-MaSNL |
| 005 |
20260304142546.0 |
| 008 |
250505c1999 xo 0 slo |
| 015 |
|
|
|a SNBRB2000/03-06936
|
| 035 |
|
|
|a CLN000067994
|
| 035 |
|
|
|a urn:nbn:sk:snk-ab2u8w
|
| 035 |
|
|
|a (urnnbn)urn:nbn:sk:snk:ar-a02y8o
|
| 035 |
|
|
|a (uuid)7fa404fb-2ab3-4e89-b34f-89250188a1ad
|
| 040 |
|
|
|a SNKBUCL
|b slo
|c SNKBUCL
|e AACR2
|
| 041 |
0 |
|
|a cze
|
| 044 |
|
|
|a xo
|c SK
|
| 080 |
|
|
|a 159.922.27(048)
|2 1997
|
| 080 |
|
|
|a 301.15/.18(048)
|2 1997
|
| 100 |
1 |
|
|a Ouroda, Karel
|4 aut
|9 680617
|
| 245 |
1 |
0 |
|a Rudolf Kohoutek a kol.: Základy sociální psychologie
|c Karel Ouroda
|
| 650 |
0 |
7 |
|a psychológia sociálna
|x monografie
|x recenzie
|2 snkbucl
|9 889348
|
| 655 |
|
7 |
|a články z novín a časopisov
|2 snkbucl
|9 267496
|
| 773 |
0 |
|
|t Psychológia a patopsychológia dieťaťa
|g Roč. 34, č. 2 (1999), s. 186
|x 0555-5574
|
| 787 |
0 |
8 |
|i Rec.:
|a Kohoutek, Rudolf
|t Základy sociální psychologie
|d Brno : Akademické nakladatelství CERM, 1998
|
| 850 |
|
|
|a Slovenská národná knižnica
|
| 852 |
|
|
|a Slovenská národná knižnica
|
| 954 |
|
|
|a odborná, vedecká literatúra cudzojazyčná (svetová)
|2 lita
|
| 958 |
|
|
|a article2022
|
| 958 |
|
|
|a CZ
|
| 958 |
|
|
|a OND
|
| 958 |
|
|
|a EUIPO
|
| 992 |
|
|
|a RBX
|
| 999 |
|
|
|c 2921921
|d 2923851
|